| 000 | 00996cam a2200265 a 4500 | ||
|---|---|---|---|
| 999 |
_c699 _d699 |
||
| 001 | (Sirsi) a948399 | ||
| 003 | OSt | ||
| 005 | 20191205090708.0 | ||
| 008 | 130318r20132009enk c 000 1 eng | ||
| 020 |
_a9780141346885 _q(pbk.) : |
||
| 040 |
_aStDuBDS _beng _cStDuBDS _dTAE |
||
| 042 | _anbic | ||
| 082 | 0 | _aFIC RIO | |
| 100 | 1 |
_aRiordan, Rick. _eauthor |
|
| 245 | 1 | 0 |
_aPercy Jackson and the last Olympian / _cRick Riordan. |
| 260 |
_aLondon : _bPuffin, _c2013. |
||
| 300 |
_a360 p. ; _c20 cm. |
||
| 440 | _aPercy Jackson | ||
| 500 | _aOriginally published: 2009. | ||
| 520 | _aWhile the Olympians struggle to contain the rampaging monster Typhon, Kronos begins his advance on New York City, where Mount Olympus stands virtually unguarded. Now it's up to Percy Jackson and an army of young demigods to stop the Lord of Time. | ||
| 521 | 1 | _aAges 9-12. | |
| 650 | 0 |
_aJackson, Percy (Fictitious character) _vJuvenile fiction. |
|
| 650 | 0 |
_aGods, Greek _vJuvenile fiction. |
|
| 942 |
_2ddc _cFIC |
||